| 000 | 00711cam a22002293a 4500 | ||
|---|---|---|---|
| 001 | 30601 | ||
| 003 | PGUSA | ||
| 005 | 20140828083648.0 | ||
| 008 | 091204s2009||||xxu|||||s|||||000 | eng d | ||
| 040 |
_aPGUSA _beng |
||
| 042 | _adc | ||
| 050 | 4 | _aBF | |
| 100 | 1 | _aBenedict, Ralph Paine | |
| 245 | 1 | 0 |
_aHow to Analyze People on Sight : _bThrough the Science of Human Analysis: The Five Human Types _h[electronic resource] / _cRalph Paine Benedict |
| 260 |
_bProject Gutenberg, _c2009 |
||
| 506 | _aPublic domain in the USA. | ||
| 516 | _aElectronic text | ||
| 653 | _aCharacters and characteristics | ||
| 830 | 0 |
_aProject Gutenberg _v30601 |
|
| 856 | 4 | 0 | _uhttp://www.gutenberg.org/ebooks/30601 |
| 942 | _cEB | ||
| 999 |
_c259856 _d259856 |
||